My Life and Hard Times

Shranjeno v:
Bibliografske podrobnosti
Glavni avtor: Thurber, James
Format: Knjiga
Jezik:Undetermined
Izdano: New York, Estados Unidos Bantam Books 1961
Teme:
Oznake: Označite
Brez oznak, prvi označite!

MARC

LEADER 00000nam a2200000Ia 4500
008 170316s9999 xx 000 0 und d
040 |a cru BVZT 
090 |a F-810 T-1m 
100 |a Thurber, James 
245 |a My Life and Hard Times 
260 |a New York, Estados Unidos 
260 |b Bantam Books 
260 |c 1961 
300 |a 115 páginas 
650 |a LITERATURA ESTADOUNIDENSE  |9 25 
650 |a FICCIÓN  |9 26 
999 |c 28841  |d 28841 
942 |c 15 D  |h F-810 T-1m  |2 z